MARC details
| 000 - LÍDER |
| campo de control de longitud fija |
01869nam a2200229Ia 4500 |
| 008 - ELEMENTOS DE DATOS DE LONGITUD FIJA - INFORMACIÓN GENERAL |
| campo de control de longitud fija |
0000001983 usad 0000000000eng00 |
| 090 ## - NÚMERO DE LLAMADA DE TIPO LC LOCALMENTE ASIGNADO (OCLC) |
| Número de clasificación (OCLC) (R) |
PUS00 E53i |
| 100 1# - ENTRADA PRINCIPAL - NOMBRE PERSONAL |
| Nombre de la persona |
Engeran, Whitney J. |
| 245 10 - TÍTULO DECLARACIÓN |
| Título |
Ida Kohlmeyer |
| Resto del título |
: thirty years |
| Declaración de responsabilidad |
/ texts by Whitney J. Engeran ; introduction Theodore F. Wolff ; preface Jane Kessler ; organizate by the Mint Museum Department of Art |
| 260 ## - PUBLICACIÓN, DISTRIBUCIÓN |
| Lugar de publicación |
Charlotte, North Carolina : The Mint Museum |
| Fecha de publicación |
1983 |
| 300 ## - DESCRIPCIÓN FÍSICA |
| Alcance |
120 p. |
| Dimensiones |
/ 24 cm. |
| 500 ## - NOTA GENERAL |
| Nota general |
Exposiciónitinerante por los siguientes lugares y fechas: Cheekwoo Botanical Gardens and Fine Arts Center en Nashville, Tennessee entre enero 7 a marzo 18 de 1984; Oklahoma Art Center en Oklahoma entre el 2 de junio y el 15 de julio de 1984 ; Montgomery Museum of Fine Arts de Montgomery, Alabama entre el 11 de agosto y el 30 de septiembre de 1984 ; Fort Wayne Museum of Art en Fort Wayne, Indiana entre el 9 de noviembre de 1984 y el 6 de enero de 1985 ; New Orleans Museum of Art en New Orleans, Lousiana entre el 1 de marzo y abril 28 de 1985 ; McAllen International Museum de McAllen, Texas, entre el 28 de mayo y 22 de julio de 1985 ; Mint Museum of Art en Charlotte, North Carolina entre 15 de septiembre y el 1 de diciembre de 1985 \ Artista nacida en la ciudad de New Orleans, Estados Unidos hija de padres polacos e inmigrantes judios, cuyo nombre de soltera fue: Ida Rittenberg \ Incluye datos biográficos y cronología artística \ Texto en inglés |
| 600 00 - ENTRADA DE SUJETO AÑADIDO - NOMBRE PERSONAL |
| Nombre de la persona |
KOHLMEYER, IDA, 19121997/ |
| Subdivisión general |
TRABAJOS PICTORICOS |
| 650 14 - ENTRADA DE SUJETO AÑADIDO - TÉRMINO TÓPICO |
| Término tópico o elemento de entrada del nombre geográfico |
PINTURA ESTADOUNIDENSE |
| 650 14 - ENTRADA DE SUJETO AÑADIDO - TÉRMINO TÓPICO |
| Término tópico o elemento de entrada del nombre geográfico |
ARTE CONTEMPORANEO ESTADOUNIDENSE |
| 650 14 - ENTRADA DE SUJETO AÑADIDO - TÉRMINO TÓPICO |
| Término tópico o elemento de entrada del nombre geográfico |
ARTISTAS PLASTICOS ESTADOUNIDENSES |
| 650 14 - ENTRADA DE SUJETO AÑADIDO - TÉRMINO TÓPICO |
| Subdivisión general |
CATALOGOS |
| 650 14 - ENTRADA DE SUJETO AÑADIDO - TÉRMINO TÓPICO |
| Subdivisión general |
EXPOSICIONES |
| 650 14 - ENTRADA DE SUJETO AÑADIDO - TÉRMINO TÓPICO |
| Término tópico o elemento de entrada del nombre geográfico |
MUJERES ARTISTAS ESTADOUNIDENSES |
| 650 14 - ENTRADA DE SUJETO AÑADIDO - TÉRMINO TÓPICO |
| Término tópico o elemento de entrada del nombre geográfico |
PINTORES ESTADOUNIDENSES |
| 710 ## - ENTRADA AGREGADA - NOMBRE CORPORATIVO |
| Nombre corporativo o nombre de jurisdicción como elemento de entrada |
Mint Museum of Art. Charlotte, North Carolina. |